00427nam a2200145Ia 450000500170000000800460001703700120006304000210007504100130009608400190010910000180012824500730014626000470021930000150026620250508151704.0008 250505s9999 xx 000 0 eng d aTextual aFEDL bengcFEDL aeng2eng a509, SARqFEDL aSarton George 0aHistory of science: Ancient science through the golden age of Greece aCambridge bHarvard University Pressc1952 axxvi,646p.